BIBLIOTHÈQUE DE LA MAISON DU MEXIQUE

Logo 1 Logo 2

Libro de las fundaciones de Santa Teresa de Jesús (notice nᵒ 11805)

détails MARC
000 -Sello discográfico
campo de control de longitud fija 01316nam a2200361 4500
005 - Identificación de versión
campo de control 20250925141616.0
035 ## - Otros números de control del sistema
Número de control del sistema 4027
099 ## - fechas locales
Tipo de ítem Koha LIBRO
100 ## - Datos de procesamiento general
Datos de procesamiento general 20040927d1950 m y1spay5003 ba
105 ## - Campo de datos codificados: Material textual, monográfico
Datos codificados de monografía y 001zy
200 1# - Título y mención de responsabilidad
Título propio Libro de las fundaciones de Santa Teresa de Jesús
Designación general del material texto impreso
Otra información del título edición cotejada con el autógrafo que se venera en San Lorenzo del Escorial, precedida de una introducción, seguida de un apéndice e ilustrada con notas completivas sacadas del epistolario teresiano y de otros documentos del siglo
Primer mención de responsabilidad edición José María Aguado
Número de una pieza I
Nombre de una parte Contiene la historia de las siete primeras fundaciones
210 ## - Publicación, distribución, etc.
Lugar de publicación, distribución, etc. Madrid
Nombre del editor, distribuidor, etc. Espasa - Calpe
Fecha de publicación, distribución, etc. 1950
215 ## - Descripción física
Designación de material específico y extensión del ítem 295 p
Dimensiones 19 cm
318 ## - Nota de acción
Acción No se presta a domicilio
345 ## - Nota de información de adquisición
Fuente de adquisición/dirección de la suscripción [OBSOLETO] Donación
410 #1 - Series
Título Clásicos Castellanos
Número de volumen 115
606 ## - Término temático usado como materia
Elemento de entrada Carmelitas en España
Número Koha 18460
606 ## - Término temático usado como materia
Elemento de entrada Conventos y monasterios
Subdivisión geográfica España
Número Koha 18461
676 ## - Clasificación Decimal Dewey
Número R860 C614 v.115
700 ## - Nombre personal - Responsabilidad primaria
Elemento de entrada Teresa de Avila
Fechas 1515-1582
Adiciones a los nombres que no sean fechas Santa
Número Koha 18443
702 ## - Nombre personal - Responsabilidad secundaria
Elemento de entrada Aguado
Parte del nombre distinta del elemento de entrada José María
Número Koha 18444
801 #0 - Fuente de origen
Agencia cm
900 ## -
-- 1/8132
900 ## -
-- 7100419898\270904
942 ## - ELEMENTOS DE ENTRADA SECUNDARIOS (KOHA)
Tipo de ítem Koha Livre

Pas d'exemplaire disponible.